000 00668nam a22002297a 4500
003 SISC
005 20160401143114.0
008 130815t xxu||||| |||| 00| 0 eng d
020 _a044667289
050 _aKF 384
_b.H69 1196
082 _aHS 349.73
_bH83 1994
100 _aHoward, Philip K.
_910737
245 _aThe death of common sense :
_bhow law is suffocating America /
_cPhilip K. Howard
260 _aNew York :
_bWarner Books,
_cc1996.
300 _a213 p. :
_c21 cm.
650 _aLaw
_xUS
_910738
650 _aLaw reform
_xUS
_910739
650 _aBureaucracy
_xUS
_910740
650 _aCommon sense
_910741
942 _2lcc
_cBK
999 _c8689
_d8689